Remarks on the philosophy of pychology

Збережено в:
Бібліографічні деталі
Автор: Wittgenstein, Ludwig (Автор)
Формат: Книга
Мова:Англійська
Німецька
Опубліковано: Chicago University of Chicago 1980
Предмети:
Теги: Додати тег
Немає тегів, Будьте першим, хто поставить тег для цього запису!

MARC

LEADER 00000nam a2200000 a 4500
001 UCZ3853
003 CL-VaPUC
008 951027e19800000US |||||||||||||||||eng|d
041 0 7 |a eng  |2 CL-VaPUC 
041 0 7 |a ger  |2 CL-VaPUC 
082 0 4 |a 149.94  |b WIT  |2 21 
100 0 |a Wittgenstein, Ludwig  |e author  |9 257080 
245 1 0 |a Remarks on the philosophy of pychology 
300 |a v 
942 |c BK 
945 |d 19951027 00:00:00  |a cmena 
260 |a Chicago  |b University of Chicago  |c 1980 
650 0 |a Lógica  |9 256849 
650 0 |a Lingüística  |9 265068 
650 0 |a Lógica matemática   |9 262442 
650 0 |a Filosofía de las ciencias  |9 256466 
583 |a last modification  |c 20130320 10:53:51  |k Rodrigo Vera 
999 |c 240300  |d 240298 
952 |0 0  |1 0  |4 0  |6 149_940000000000000_WIT_1980  |7 0  |8 P  |9 252125  |a BIBEDU  |b BIBEDU  |c BIBEDU_PB  |d 2019-11-18  |h v.1  |i 1591045  |o 149.94 WIT 1980  |p 1591045  |r 2024-01-25  |w 2019-11-18  |y BK  |k FIL 
952 |0 0  |1 0  |4 0  |6 149_940000000000000_WIT_1980  |7 0  |8 P  |9 252126  |a BIBEDU  |b BIBEDU  |c BIBEDU_PB  |d 2019-11-18  |h v.2  |i 1591053  |o 149.94 WIT 1980  |p 1591053  |r 2024-01-25  |w 2019-11-18  |y BK  |k FIL